Thực tập hoá hữu cơ
Nội dung giới thiệu các loại dụng cụ và cách sử dụng chúng trong khi làm thí nghiệm, các phương pháp phân tách, tinh chế các hợp chất hữu cơ, các phương pháp chưng cất, làm khô và cách xác định các hằng số vật lý của hợp chất hữu cơ, p...
Đã lưu trong:
| 主要作者: | |
|---|---|
| 格式: | 圖書 |
| 語言: | Undetermined |
| 出版: |
Hà Nội
Đại học Quốc gia Hà Nội
1999
|
| 主題: | |
| 標簽: |
添加標簽
沒有標簽, 成為第一個標記此記錄!
|
| Thư viện lưu trữ: | Trung tâm Học liệu Trường Đại học Cần Thơ |
|---|
| LEADER | 01239nam a2200217Ia 4500 | ||
|---|---|---|---|
| 001 | CTU_55584 | ||
| 008 | 210402s9999 xx 000 0 und d | ||
| 020 | |b 21800 | ||
| 082 | |a 547 | ||
| 082 | |b Th502 | ||
| 100 | |a Ngô, Thị Thuận | ||
| 245 | 0 | |a Thực tập hoá hữu cơ | |
| 245 | 0 | |c Ngô Thị Thuận ( chủ biên ) ... [ et al. ] | |
| 260 | |a Hà Nội | ||
| 260 | |b Đại học Quốc gia Hà Nội | ||
| 260 | |c 1999 | ||
| 520 | |a Nội dung giới thiệu các loại dụng cụ và cách sử dụng chúng trong khi làm thí nghiệm, các phương pháp phân tách, tinh chế các hợp chất hữu cơ, các phương pháp chưng cất, làm khô và cách xác định các hằng số vật lý của hợp chất hữu cơ, phương pháp tinh chế một số dung môi. Phần tổng hợp hợp chất hữu cơ và phần phân tích định tinh nguyên tố và nhóm chức năng các hợp chất hữu cơ. | ||
| 650 | |a Chemistry, organic | ||
| 650 | |x Laboratory, manuals, etc. | ||
| 904 | |i QHieu(sửa) | ||
| 980 | |a Trung tâm Học liệu Trường Đại học Cần Thơ | ||